000 00485nam a2200181Ia 4500
003 LK-CoDNM
008 010623t1936 xxu||||| |||| 00| 1 sin d
040 _aLK-CoDNM
_dLK-CoDNM
_eLK-CoDNM
041 _asin
080 _a801.5(809.12)
_bGNA
100 _aGnanissara, Nithalava
_rev
245 _aපාළි වරනැගිල්ල
246 _aPali varanegilla
260 _bS.Godage
_aColombo
_c1936
300 _b256, 22 cm
650 _aLanguage Linguisties
942 _cBK
999 _c98220
_d98220